000 01001nam a2200241 i 4500
001 98694
003 ES-MaACL
005 20251015170205.0
007 t|
008 051020q19101915sp ||||1| spa d
100 1 _aEhrlich, Paul.
_946794
245 1 3 _aLa quimioterapia experimental de las espirilosis
_b: (sífilis, fiebre recurrente. espirilosis de las gallinas, frambuesa) /
_cpor los doctores P. Ehrelich y S. Hata ; con la colaboración de H.J. Nichols [et al.] ; traducción del alemán por Eduardo García del Real.
260 _aMadrid :
_bSaturnino Calleja,
_c[entre 1910 y 1915]
300 _a215 p. :
_bil. ;
_c22 cm.
490 1 _aBiblioteca de ciencias médicas. Segunda serie ;
_v1
650 0 4 _aQuimioterapia.
_916640
700 1 _aHata, S.
_962062
700 1 _aNichols, H. J.
_985537
700 0 _aGarcía del Real, Eduardo,
_d1870-1946
_954523
830 0 0 _aBiblioteca de ciencias médicas
_v1
_9229552
852 _aES-MaACL
_jB-11210
999 _c98694
_d98694